| Поле | Инд. | ПП | Название | Значение |
|---|---|---|---|---|
| Тип записи | a | |||
| Библиографический уровень | b | |||
| 001 | Контрольный номер | RU/IS/BASE/148578415 | ||
| 005 | Дата корректировки | 20200522190741.0 | ||
| 084 | a | Индекс другой классификации/Индекс ББК | 66.4в; 66.09 | |
| 100 | 1_ | a | Автор | Соловьев Э. Г. |
| 245 | a | Заглавие | Новый мировой порядок: толерантный мир или апофеоз конфронтационности | |
| 504 | a | Библиография | Библиогр. ссылки | |
| 650 | a | Основная рубрика | международные отношения | |
| a | Основная рубрика | политика | ||
| a | Основная рубрика | политология | ||
| 653 | a | Ключевые слова | внешняя политика | |
| a | Ключевые слова | глобализация политики | ||
| a | Ключевые слова | демократический мир | ||
| a | Ключевые слова | компромиссность | ||
| a | Ключевые слова | концепция гуманитарной интервенции | ||
| a | Ключевые слова | концепция униполярности | ||
| a | Ключевые слова | мировой порядок | ||
| a | Ключевые слова | мироустройство | ||
| a | Ключевые слова | многополярная модель миропорядка | ||
| a | Ключевые слова | многополярность мира | ||
| a | Ключевые слова | нетерпимость | ||
| a | Ключевые слова | новый мировой порядок | ||
| a | Ключевые слова | однополярный мир | ||
| a | Ключевые слова | политический компромисс | ||
| a | Ключевые слова | система международных отношений | ||
| a | Ключевые слова | США | ||
| a | Ключевые слова | теория международных отношений | ||
| a | Ключевые слова | терпимость | ||
| a | Ключевые слова | толерантность | ||
| a | Ключевые слова | униполярная модель миропорядка | ||
| a | Ключевые слова | уровень нетерпимости | ||
| a | Ключевые слова | устойчивое развитие | ||
| 773 | t | Заглавие источника | Вестник Московского университета. Серия 18, Социология и политология | |
| d | Дата издания источника | 2002 | ||
| g | Прочая информация | № 3. - С. 3 - 24 | ||
| w | Контрольный № источника | RU/IS/BASE/148577983 | ||
| 901 | t | Тип документа | b |